Music Quiz

Random Music or Song Quiz

Avenged Sevenfold Songs Quiz Stats

 Plays Quiz not verified by Sporcle

Challenge
Share
Tweet
Embed
Score 0/84 Timer 08:00
0 Plays Today
Album Song % Correct
Hail to the KingHail to the King
83.5%
NightmareNightmare
83.4%
City of EvilBeast and the Harlot
82.8%
City of EvilBat Country
82.2%
Avenged SevenfoldAfterlife
80.9%
Avenged SevenfoldAlmost Easy
80.3%
City of EvilSeize the Day
79.6%
NightmareWelcome to the Family
79.6%
City of EvilMIA
79%
Avenged SevenfoldLost
79%
Waking the FallenUnholy Confessions
78.3%
Hail to the KingShepherd of Fire
77.7%
Waking the FallenWaking the Fallen
75.8%
NightmareSo Far Away
75.8%
Avenged SevenfoldA Little Piece of Heaven
75.2%
Avenged SevenfoldCritical Acclaim
74.5%
Avenged Sevenfold[Dear God]
74.5%
NightmareSave Me
73.2%
NightmareBuried Alive
72.6%
NightmareFiction
72.6%
NightmareGod Hates Us
72%
NightmareDanger Line
71.3%
Hail to the KingAcid Rain
70.9%
NightmareNatural Born Killer
70.7%
Waking the FallenChapter Four
70.1%
Waking the FallenI Won't See You Tonight Pt. 1
70.1%
Waking the FallenI Won't See You Tonight Pt. 2
70.1%
Avenged SevenfoldGunslinger
70.1%
Album Song % Correct
City of EvilBurn It Down
69.4%
City of EvilSidewinder
69.4%
Avenged SevenfoldScream
69.4%
NightmareVictim
69.4%
City of EvilTrashed and Scattered
68.8%
Sounding the Seventh TrumpetTo End the Rapture
68.2%
NightmareTonight the World Dies
68.2%
Avenged SevenfoldBrompton Cocktail
67.5%
Diamonds in the RoughWalk
66.9%
Waking the FallenSecond Heartbeat
66.2%
Avenged SevenfoldUnbound (The Wild Ride)
65.6%
Diamonds in the RoughGirl I Know
65%
Sounding the Seventh TrumpetStreets
64.3%
Hail to the KingThis Means War
64.1%
Hail to the KingPlanets
63.1%
OtherNot Ready to Die
62.4%
Sounding the Seventh TrumpetWarmness on the Soul
61.8%
City of EvilStrength of the World
61.8%
City of EvilBetrayed
61.1%
City of EvilBlinded in Chains
60.5%
NightmareLost It All
60.5%
Diamonds in the RoughDemons
58.6%
Diamonds in the RoughCrossroads
58%
City of EvilThe Wicked End
57.3%
Diamonds in the RoughDancing Dead
57.3%
Waking the FallenEternal Rest
56.7%
Waking the FallenClairvoyant Disease
56.7%
Hail to the KingDoing Time
56.3%
Album Song % Correct
Sounding the Seventh TrumpetShattered by Broken Dreams
56.1%
Waking the FallenRemenissions
56.1%
Waking the FallenRadiant Eclipse
56.1%
Other4AM
56.1%
Sounding the Seventh TrumpetTurn the Other Way
55.4%
Sounding the Seventh TrumpetWe Come Out At Night
54.8%
Sounding the Seventh TrumpetLips of Deceit
54.8%
Waking the FallenAnd All Things Will End...
54.8%
Hail to the KingCrimson Day
54.4%
Sounding the Seventh TrumpetDarkness Surrounding
53.5%
Hail to the KingRequiem
53.4%
Hail to the KingSt. James
53.4%
Sounding the Seventh TrumpetThick and Thin
52.9%
OtherCarry On
51.5%
Hail to the KingHeretic
51.5%
Diamonds in the RoughFlash of the Blade
51%
Diamonds in the RoughUntil the End
50.3%
Waking the FallenDesecrate Through Reverence
49.7%
Diamonds in the RoughThe Fight
48.5%
Sounding the Seventh TrumpetForgotten Faces
48.4%
Sounding the Seventh TrumpetAn Epic of Time Wasted
47.8%
Hail to the KingComing Home
47.6%
Diamonds in the RoughTension
44.6%
Sounding the Seventh TrumpetBreaking Their Hold
43.9%
OtherParanoid
43.3%
Sounding the Seventh TrumpetThe Art of Subconcious Illusion
40.1%
Diamonds in the RoughAfterlife (Alternate version)
33.8%
Diamonds in the RoughAlmost Easy (CLA remix)
25.5%

You're not logged in!

Compare scores with friends on all Sporcle quizzes.
OR
Log In

You Might Also Like...

Show Comments

Extras

Top Quizzes Today


Score Distribution

Your Account Isn't Verified!

In order to create a playlist on Sporcle, you need to verify the email address you used during registration. Go to your Sporcle Settings to finish the process.

Report this User

Report this user for behavior that violates our Community Guidelines.

Details: